000 00685nam a2200265Ia 4500
003 OSt
005 20220925231801.0
006 a|||||r|||| 00| 0
007 ta
008 220923b |||||||| |||| 00| 0 eng d
020 _a0536009309
037 _cGeneral Book
040 _aRTL
_cRTL
_beng
041 _2eng
_aeng
082 _aB33, K4;L4
100 _aRoss Shepley L
_9277965
245 0 _aDifferential equations
250 _a2
260 _aMassachusctts
_bXerox
_c1974
300 _axi,712p.
_ccm.
500 _aBibliography chapterwise
650 _aEquations
942 _hB33, K4;L4
_cGB
_2CC
999 _c589441
_d589441